Flexibilidad académica y curricular en las instituciones de educación superior /

Збережено в:
Бібліографічні деталі
Автор: Pedroza Flores, René (comp.)
Інші автори: García Briceño, Bernardino (compilación) (compilación)
Формат: Книга
Мова:Іспанська
Опубліковано: México : Cuernavaca, México : Universidad Autónoma del Estado de México : Miguel Angel Porrúa ; Universidad Autónoma del Estado de Morelos, 2005, c2005
Серія:(Problemas Educativos de México)
Предмети:
Теги: Додати тег
Немає тегів, Будьте першим, хто поставить тег для цього запису!

MARC

LEADER 00000nam^a2200000^a^4500
001 000181654
005 20250521000000.0
009 20260310101939.442
020 |a 970-701-598-5 
037 |a Acervo ITESO - Biblioteca 
041 |a ESP 
082 |a 378. 1990972  |b PED 
100 |a Pedroza Flores, René  |e (comp.) 
245 1 0 |a Flexibilidad académica y curricular en las instituciones de educación superior /  |c Comp. de R. Pedroza Flores, B. García Briceño ; presen. de Mario Díaz Villa. 
264 4 |a México :  |b Universidad Autónoma del Estado de México :  |b Miguel Angel Porrúa ;  |a Cuernavaca, México :  |b Universidad Autónoma del Estado de Morelos,  |c 2005, c2005 
300 |a 263 p. 
336 |a texto  |b txt  |2 rdacontenido 
337 |a sin mediación  |b n  |2 rdamedio 
338 |a volumen  |b nc  |2 rdasoporte 
440 1 |a (Problemas Educativos de México) 
649 |a XX 
650 |a Diseño y Revisión Curricular -  |z México 
650 |a Currículo -  |z México 
650 |a Innovación Educativa -  |z México 
650 |a Calidad de la Educación -  |z México 
650 |a Metodología Educativa -  |z México 
650 |a Proceso Educativo -  |z México 
650 |a Administración Educativa -  |z México 
650 |a Educación Pública -  |z México 
650 |a Educación Superior -  |z México 
700 |a García Briceño, Bernardino  |e (compilación) 
910 |a Fondo General 
920 |a Impresos - Libros 
930 |a Colección General 
905 |a 101 
901 |a 0500121648  |b IT1  |c ACC  |u 20250521 
902 |a https://opac.biblio.iteso.mx/vufind/Record/000181654